The absent author / (Record no. 3270)

MARC details
000 -LEADER
fixed length control field 01169cam a2200361 a 4500
001 - CONTROL NUMBER
control field 3270
003 - CONTROL NUMBER IDENTIFIER
control field FISKH
005 - DATE AND TIME OF LATEST TRANSACTION
control field 20250206144338.0
008 - FIXED-LENGTH DATA ELEMENTS--GENERAL INFORMATION
fixed length control field 970108s1997 nyuab b 000 1 eng
010 ## - LIBRARY OF CONGRESS CONTROL NUMBER
LC control number 97002030
020 ## - INTERNATIONAL STANDARD BOOK NUMBER
International Standard Book Number 0679981683 (lib. bdg.)
020 ## - INTERNATIONAL STANDARD BOOK NUMBER
International Standard Book Number 0679881689 (pbk.)
020 ## - INTERNATIONAL STANDARD BOOK NUMBER
International Standard Book Number 9780590819183
040 ## - CATALOGING SOURCE
Original cataloging agency DLC
Transcribing agency DLC
Modifying agency DLC
Language of cataloging eng
050 ## - LIBRARY OF CONGRESS CALL NUMBER
Classification number PZ7.R8139
082 ## - DEWEY DECIMAL CLASSIFICATION NUMBER
Classification number 813.54
100 1# - MAIN ENTRY--PERSONAL NAME
Personal name Roy, Ron,
Dates associated with a name 1940-
245 14 - TITLE STATEMENT
Title The absent author /
Statement of responsibility, etc. by Ron Roy ; illustrated by John Steven Gurney.
250 ## - EDITION STATEMENT
Edition statement First Scholastic printing, September 1998
260 ## - PUBLICATION, DISTRIBUTION, ETC.
Place of publication, distribution, etc. New York :
Name of publisher, distributor, etc. Scholastic,
Date of publication, distribution, etc. 1997.
300 ## - PHYSICAL DESCRIPTION
Extent 87 pages :
Other physical details illustrations, map ;
Dimensions 20 cm.
490 1# - SERIES STATEMENT
Series statement A to Z mysteries
500 ## - GENERAL NOTE
General note "A"--Spine
500 ## - GENERAL NOTE
General note "A Stepping Stone book."
505 ## - FORMATTED CONTENTS NOTE
Formatted contents note K<br/>
520 ## - SUMMARY, ETC.
Summary, etc. Dink Duncan and his two friends investigate the apparent kidnapping of famous mystery author Wallis Wallace.
521 ## - TARGET AUDIENCE NOTE
Target audience note 510<br/>
Source Lexile<br/>
521 ## - TARGET AUDIENCE NOTE
Target audience note K<br/>
Source Raz-Plus<br/>
650 #1 - SUBJECT ADDED ENTRY--TOPICAL TERM
Topical term or geographic name entry element Mystery and detective stories.
700 1# - ADDED ENTRY--PERSONAL NAME
Personal name Gurney, John Steven,
Dates associated with a name 1962-
Relator term illustrator
906 ## - LOCAL DATA ELEMENT F, LDF (RLIN)
a 7
b cbc
c orignew
d 1
e ocip
f 19
g y-gencatlg
942 ## - ADDED ENTRY ELEMENTS (KOHA)
Source of classification or shelving scheme Dewey Decimal Classification
Koha item type Books
Suppress in OPAC No
Holdings
Withdrawn status Lost status Source of classification or shelving scheme Damaged status Not for loan Collection Home library Current library Shelving location Date acquired Total Checkouts Full call number Barcode Date last seen Date last checked out Copy number Price effective from Koha item type
    Dewey Decimal Classification     Juvenile Fiction Footprints International School Library Network Toul Kork Campus Footprints International School Library Network Toul Kork Campus TK Primary Library Room(4th Floor), Bookcase 3&4, Shelves 17-32, Yellow Books 02/22/2024 1 ROY 813.54 PZ7.R8139 FISTK05420 12/19/2025 08/29/2025 1 02/22/2024 Books
    Dewey Decimal Classification     Juvenile Fiction Footprints International School Library Network Toul Kork Campus Footprints International School Library Network Toul Kork Campus TK Primary Library Room(4th Floor), Bookcase 3&4, Shelves 17-32, Yellow Books 07/04/2024   ROY 813.54 PZ7.R8139 FISTK04697 07/04/2024   2 07/04/2024 Books
    Dewey Decimal Classification     Juvenile Fiction Footprints International School Library Network Toul Kork Campus Footprints International School Library Network Toul Kork Campus TTP Primary Yellow Bookshelves 02/06/2025   ROY 813.54 PZ7.R8139 2025-0424 02/06/2025   3 02/06/2025 Books